• 首页
  • 本馆介绍
  • 公告通知
  • 最新文献
  • 馆藏检索
  • 电子资源
  • 读者导购
  • 参考咨询
  • 我的图书馆
  • 登录
  • 详细信息显示
  • 放入我的书架
  • 预约/预借图书
  • 作者相关作品
  • 分类相关作品
  • 丛书相关作品
  • 出版社相关作品

书目信息

  • 表格格式
  • 工作单格式
  • 卡片格式
题名:
世界农业
    
 
作者: ;《世界农业》编辑委员会 编
分册: 第1辑  
出版信息: 北京   农业出版社  1979
页数: 109页
开本: 26cm
丛书名:
单 册:
中图分类: S-15
科图分类:
主题词: 农业经济--世界--丛刊 , 农业技术--技术现状 , 农业技术--概况
电子资源:
ISBN:
000 00698nam0 2200229 45
001 0180000306
005 20060524090220.23
010    @dCNY0.60
100    @a19960215d1979 em y0chiy0121 ea
101 0  @achi
102    @aCN@b110000
105    @ay z 000yy
200 10 @a世界农业@Ashi jie nong ye@h第1辑@f《世界农业》编辑委员会编@F《shi jie nong ye》bian ji wei yuan hui bian
210    @a北京@c农业出版社@d1979
215    @a109页@d26cm
606    @a农业经济@y世界@x丛刊
606 0  @a农业技术@x技术现状
606 0  @a农业技术@x概况
690    @aS-15@v4
711  0 @a《世界农业》编辑委员会@A《shi jie nong ye》bian ji wei yuan hui@4编
801  0 @aCN@bTSSF@c20060524
905    @a10447@dS-15@e2
    
    世界农业.第1辑/《世界农业》编辑委员会编.-北京:农业出版社,1979
    109页;26cm
    
    
    ISBN :CNY0.60
    
●
相关链接 在E读中查询图书 在五车中查询图书 在当当中查询图书 在豆瓣中查询图书


正题名:世界农业     索取号:S-15/2         预约/预借

序号 登录号 条形码 馆藏地/架位号 状态 备注
1 0015654   202343115   密集书库/ [索取号:S-15/2] 在馆    
唐山师范学院图书馆 欢迎您!
大连网信软件有限公司© 版权所有